Responses for Show #2061 - Monday, July 19, 1993

1993 Seniors Tournament semifinal game 1.

Contestants

[<< previous game]

Marty Wiley, a registered nurse from Chula Vista, California

Hugh Murphy, a bank officer from Hockessin, Delaware

Leon Jackson, a court clerk from Elmhurst, New York

[next game >>]

Jeopardy! Round responses

WORLD FACTS
VAUDEVILLE
COLLEGES & UNIVERSITIES
ANIMALS
IN THE KITCHEN
ABBREVIATIONS
    $100 1
(Hugh: What are sails?)
(Alex: [Leon rings in and says nothing] Oh, hurry.)
(Marty: What is arm power?)
...
(Alex: No harm, no foul on that one; each of you lost the same amount of money.)

poles

LeonHughMarty
Triple Stumper
    $100 2
the Cohans

Hugh
    $100 4
the Sorbonne

Hugh
    $100 18
a spider

Marty
    $100 13
kneading

Leon
    $100 8
tender loving care

Marty
    $200 14
stop

Marty
    $200 3
Eddie Foy

Marty
    $200 23
Greece

Hugh
    $200 19
a boa constrictor

Hugh
    $200 27
marinating

Marty
    $200 9
obstetrician

Marty
    $300 15
Italy

Marty
    $300 5
straight men

Leon
    $300 24
(University of) Miami

Leon
    $300 20
the tiger

Marty
    $300 28
the elbow macaroni

Marty
    $300 10
automatic (automated) teller machine

Hugh
    $400 16
Honshu

Hugh
    $400 6
Jimmy Durante

Leon
    $400 25
Caltech

Hugh
    $400 21
a cardinal

Hugh
    $400 29
(Hugh: [*], what is [*]?)

needle

Hugh
    $400 11
(Leon: What's extra large?)
(Alex: The two.)
[Time runs out without Leon adding anything]
(Hugh: What are large and extra large?)

extra large & extra long

LeonHugh
Triple Stumper
    $500 17
the Boers

Leon
    $500 7
Earl Carroll

Hugh
    $1,000 26
Princeton University

Hugh
    $500 22
(Hugh: What are ibises?)

a heron

HughMarty
    $500 30
(rock) salt

Hugh
    $500 12
southwesterly

Marty

Scores at the first commercial break (after clue 15):

Leon Hugh Marty
$300 $500 $1,400

Scores at the end of the Jeopardy! Round:

Leon Hugh Marty
$1,100 $3,500 $2,800

Double Jeopardy! Round responses

ASTRONOMY
DIPLOMACY
MIDDLE NAMES
LITERARY BIOGRAPHIES
JAMES K. POLK
-NYMS
    $200 1
Venus

Marty
    $200 21
the metric system

Marty
    $200 6
David

Hugh
    $200 26
[Leon said the last name as "Mill-knee".]

A. A. Milne

Leon
    $200 12
the telegraph

Leon
    $200 11
synonyms

Leon
    $400 2
sunspots

Marty
    $400 22
Seward

Hugh
    $400 7
Fuller

Hugh
    $400 27
(Harriet Beecher) Stowe

Leon
    $400 13
the Monroe Doctrine

Leon
    $400 17
antonyms

Leon
    $600 3
a nova

Marty
    $600 23
the Panama Canal

Hugh
    $600 8
Elizabeth II

Marty
    $600 28
Burroughs

Leon
    $600 14
speaker

Hugh
    $600 18
homonyms

Marty
    $800 4
(Leon: What is Cassiopeia [said like "Cassi-ope-e-uh"]?)
(Marty: What is Cressida?)
(Hugh: What is Andromeda?)

Cygnus

LeonHughMarty
Triple Stumper
    $800 24
the Balkan Wars

Triple Stumper
    $800 9
(Alex: Yes, Alan [*] Lerner.)

Jay

Hugh
    $700 29
Kafka

Leon
    $800 15
the Washington Monument

Marty
    $800 19
a pseudonym

Hugh
    $1000 5
Saturn

Triple Stumper
    $1000 25
(Alex: We have about a minute left.)

Russia

Leon
    $1000 10
Samuel Beckett

Triple Stumper
    $1000 30
Virginia Woolf

Marty
    $600 16
(Marty: Who was...)
(Alex: You're right so far.)
[Laughter]
(Marty: Um...)
(Alex: Say someone.)
(Marty: Fillmore.)

Andrew Jackson

Marty
    $1000 20
[ERRATUM: NOW stands for National Organization for Women.]

an acronym

Hugh

Scores at the end of the Double Jeopardy! Round:

Leon Hugh Marty
$4,400 $7,500 $5,800

[wagering suggestions for these scores]

Final Jeopardy! Round responses

ISLANDS
(Alex: Greenland is considered part of North America.)
LeonWhat is Great Britain
$4,000
MartyWhat is Greenland?
$5,800
HughWhat is Great Britain
$4,200
Great Britain

Final scores:

Leon Hugh Marty
$8,400 $11,700 $0
2nd place: $5,000 Finalist 3rd place: $5,000

Game dynamics:

Coryat scores:

Leon Hugh Marty
$4,500 $7,000 $6,400
14 R
(including 1 DD),
3 W
20 R
(including 1 DD),
4 W
19 R,
3 W
(including 1 DD)

Combined Coryat: $17,900

[game clues] [game scores] [suggest correction]

Game tape date: 1993-03-02
The J! Archive is created by fans, for fans. Scraping, republication, monetization, and malicious use prohibited; this site may use cookies and collect identifying information. See terms. The Jeopardy! game show and all elements thereof, including but not limited to copyright and trademark thereto, are the property of Jeopardy Productions, Inc. and are protected under law. This website is not affiliated with, sponsored by, or operated by Jeopardy Productions, Inc. Join the discussion at JBoard.tv.